Dotyky so životom /Reportáž zo Slovenskej slepeckej tlačiarne v Levoči./

Bibliographic Details
Main Author: Juhás, Ladislav (Author)
Format: Article
Language:Slovak
Subjects:

MARC

LEADER 00000nab a2200000 a 4500
001 vtls000078910
003 SK-MaSNL
005 20260303031745.0
008 111103c1981 xo 0 slo
015 |a SNBRB19rr/mm-uuuuu 
035 |a CL0089011 
040 |a SNKBUCL  |b slo  |c SNKBUCL  |e AACR2 
041 0 |a slo 
044 |a xo  |c SK 
080 |a 655.1/.3  |2 1981 
100 1 |a Juhás, Ladislav  |4 aut  |9 5123 
245 1 0 |a Dotyky so životom  |b /Reportáž zo Slovenskej slepeckej tlačiarne v Levoči./  |c Ladislav Juhás 
650 0 7 |a tlačiarne  |2 snkbucl  |9 26683 
650 0 7 |a Slovenská slepecká tlač (Levoča, Slovensko)  |2 snkbucl  |9 1014115 
651 7 |a 5409  |2 snkbucl  |9 284640 
655 7 |a články z novín a časopisov  |2 snkbucl  |9 267496 
773 0 |t Sloboda  |g Roč. 36, č. 3 (15. 1. 1981), s. 1 
850 |a Slovenská národná knižnica v Martine  |a MTA001 
852 |a SNK  |b KIS3GCP 
958 |a RK 
992 |a RBX 
999 |c 1660021  |d 1661951